000 01197 a2200277 4500
001 48126
005 20260407155748.0
008 260407a2007 arg spa d
003 AR-UNSa-BCEJYS
040 _aAR-UNSa-BCEJYS
_bspa
_cAR-UNSa-BCEJYS
080 _a658.01
_xMetodología. Teoría y práctica de la organización( teoria de la organización, análisis organizacional...)
245 1 0 _aDiseño organizativo
_pestructura y procesos
020 _a978-950-641-514-3
264 1 _aBuenos Aires :
_bGranica
_c2007
300 _a358 p.
_c22 cm.
505 _a1. La visión sistémica de la organización - 2. Diseño de la estructura - 3. Configuraciones típicas - 4. Formas innovadoras - 5. Diseño de sistemas administrativos - 6. Sistemas operativos - 7. Sistemas de planeamiento y control - 8. Metodologías de diseño.
041 _aspa
942 _cBK
590 _aniveau_biblio:m niveau_hierar:0
100 1 _aGilli, Juan José
700 1 _aArostegui, Ángel O.
700 1 _aDoval, Inés M.
700 1 _aIesulauro, Alejandra S.
700 1 _aSchulman, Diana R.
856 4 1 _uhttps://www.biblioeco.unsa.edu.ar/pmb/images/libros/L127879.jpg
_yImagen de portada
_qimage/jpeg
999 _c4565
_d4565